|
|
|
|
| LEADER |
01167nam a2200277 a 4500 |
| 001 |
00026811 |
| 008 |
130408s2008 sw bm 000 0 eng d |
| 010 |
|
|
|a 78183822
|
| 020 |
|
|
|a 9789150620221
|
| 040 |
|
|
|a BD-DhAAL
|c BD-DhAAL
|
| 082 |
0 |
4 |
|a 364.098283
|2 21
|
| 100 |
1 |
|
|a Stechina, Viviana.
|
| 245 |
1 |
0 |
|a Conditions for corruption :
|b nstitutions, executive power, and privatization in Argentina and Chile in the 1990s /
|c Viviana Stechina
|
| 260 |
|
|
|a Uppsala :
|b Uppsala universitet,
|c 2008
|
| 300 |
|
|
|a viii, 361 p. ;
|c 21 cm.
|
| 500 |
|
|
|a Erratalista bifogad på lösblad.
|
| 502 |
|
|
|a Thesis (Ph. D.)--Uppsala universitet, 2008.
|
| 504 |
|
|
|a Includes bibliographical references (p. 327-361).
|
| 541 |
|
|
|e 00026811
|
| 650 |
|
0 |
|a Political corruption
|z Argentina
|
| 650 |
|
0 |
|a Political corruption
|z Chile.
|
| 650 |
|
0 |
|a Privatization
|z Argentina.
|
| 650 |
|
0 |
|a Privatization
|z Chile
|
| 852 |
1 |
|
|a Ayesha Abed Library
|c General shelf.
|
| 999 |
|
|
|c 13281
|d 13281
|
| 952 |
|
|
|0 0
|1 0
|2 ddc
|4 0
|6 364_098283000000000_STE
|7 0
|9 22173
|a IGS
|b IGS
|c GEN
|d 2013-04-10
|e A H Development Publishing House
|g 2000.00
|l 1
|m 2
|o 364.098283 STE
|p 3010026811
|r 2014-06-10
|s 2013-05-07
|t 1
|w 2013-04-10
|y BK
|